The downsizing of America

שמור ב:
מידע ביבליוגרפי
פורמט: ספר
שפה:Undetermined
יצא לאור: New York Times Books 1996
נושאים:
תגים: הוספת תג
אין תגיות, היה/י הראשונ/ה לתייג את הרשומה!
Thư viện lưu trữ: Trung tâm Học liệu Trường Đại học Cần Thơ
LEADER 00514nam a2200169Ia 4500
001 CTU_89161
008 210402s9999 xx 000 0 und d
082 |a 331.13 
082 |b D751 
245 4 |a The downsizing of America 
260 |a New York 
260 |b Times Books 
260 |c 1996 
650 |a Structural unemployment,Displaced workers,Downsizing of organizations 
650 |z United states,United states,United states 
904 |i Tuyến 
980 |a Trung tâm Học liệu Trường Đại học Cần Thơ